Uzupełnij ciekawostkę o Polsce - Statystyki

Ogólne statystyki
  • Ten quiz został rozwiązany 31 razy
    19 od ostatniego zresetowania
  • Średni wynik to 7 z 14
Statystyki odpowiedzi
Tekst Luka Tekst % Poprawnych
Najpopularniejszym w Polsce sportem jest piłka nożna .
100%
Niemal wszyscy Polacy mówią nie tylko po polsku, ale i po angielsku .
69%
Około jednej trzeciej powierzchni Polski zajmują lasy .
69%
Polski astronom o nazwisku Kopernik jako pierwszy udowodnił, że Ziemia nie jest centrum wszechświata.
63%
Polska Konstytucja została przyjęta jako pierwsza w Europie.
63%
Nazwa "Polska" pochodzi od Polan , czyli nazwy plemienia, która zamieszkiwała tereny współczesnej Polski.
63%
W Polsce żyje około jedna czwarta wszystkich bocianów białych na świecie.
56%
Według statystyk przeciętny Polak wypija rocznie około pół litrowej butelki piwa każdego dnia.
50%
Polska jest największym na świecie eksporterem bursztynu.
44%
Słynną firmę Max Factor założył Polak Maksymilian Faktorowicz.
31%
Drugim miastem na świecie pod względem liczby mieszkających w nim Polaków jest Chicago .
25%
Polski astronom Jan Heweliusz jako pierwszy opublikował szczegółową mapę Księżyca.
25%
W Warszawie jest ulica nazwana imieniem Kubusia Puchatka.
25%
Polacy nazywają żółte światła drogowe pomarańczowymi .
19%
Nie znaleziono quizów pasujących do podanych kryteriów
Rozkład punktacji
Procent ludzi z każdym wynikiem
Percentyl według liczby udzielonych odpowiedzi
Twoja historia wyników
Nie rozwiązałeś tego quizu od ostatniego zresetowania